| 000 | 00720nam a22002297a 4500 | ||
|---|---|---|---|
| 999 |
_c64841 _d64841 |
||
| 005 | 20240530110754.0 | ||
| 008 | 181224s2018 ua g 00| j ara d | ||
| 017 |
_a2017/29439 _bمصر. دار الكتب |
||
| 020 | _a9789770934593 | ||
| 040 |
_aEG-CaGPL _cEG-CaGPL |
||
| 082 | 0 | 4 |
_221 _a813.01 / _bم ص |
| 100 | 0 | _aمحمد المخزنجى | |
| 245 | 1 | 0 |
_aصياد النسيم / _cمحمد المخزنجى |
| 250 | _aط.1 | ||
| 260 |
_aالقاهرة : _bدار الشروق ، _c2018. |
||
| 300 |
_a232 ص. ؛ _c19 سم. |
||
| 650 | 0 | 7 |
_2qrmak _aالادب العربى |
| 650 | 0 | 7 |
_2qrmak _aالقصص القصيرة |
| 651 | _2qrmak | ||
| 942 |
_2ddc _cBK |
||